Kisah Imam Junaid Al-Baghdadi (Record no. 70382)
[ view plain ]
| 000 -LEADER | |
|---|---|
| fixed length control field | 00817nam a2200265 i 4500 |
| 001 - CONTROL NUMBER | |
| control field | C2-0258885 |
| 003 - CONTROL NUMBER IDENTIFIER | |
| control field | PPAK |
| 005 - DATE AND TIME OF LATEST TRANSACTION | |
| control field | 20180727225405.0 |
| 008 - FIXED-LENGTH DATA ELEMENTS--GENERAL INFORMATION | |
| fixed length control field | 041007s2003 my a|||| ||||| | may d |
| 020 ## - INTERNATIONAL STANDARD BOOK NUMBER | |
| International Standard Book Number | 9830986683 |
| 040 ## - CATALOGING SOURCE | |
| Original cataloging agency | PPAK |
| Language of cataloging | eng |
| Transcribing agency | PPAK |
| Description conventions | rda |
| 082 04 - DEWEY DECIMAL CLASSIFICATION NUMBER | |
| Classification number | 297.18 |
| Edition number | 23 |
| 090 00 - LOCALLY ASSIGNED LC-TYPE CALL NUMBER (OCLC); LOCAL CALL NUMBER (RLIN) | |
| Classification number (OCLC) (R) ; Classification number, CALL (RLIN) (NR) | 297.18 |
| Feature heading | ROH |
| Feature heading | K |
| 100 0# - MAIN ENTRY--PERSONAL NAME | |
| Personal name | Rohawi Sarnab, |
| Relator term | author |
| 245 10 - TITLE STATEMENT | |
| Title | Kisah Imam Junaid Al-Baghdadi |
| Remainder of title | memiliki benteng iman yang paling teguh |
| 264 #1 - PRODUCTION, PUBLICATION, DISTRIBUTION, MANUFACTURE, AND COPYRIGHT NOTICE | |
| Place of production, publication, distribution, manufacture | Batu Caves, Selangor : |
| Name of producer, publisher, distributor, manufacturer | Pustaka Ilmi , |
| Date of production, publication, distribution, manufacture, or copyright notice | 2003 |
| 300 ## - PHYSICAL DESCRIPTION | |
| Extent | 30 pages : |
| Other physical details | illustrations ; |
| Dimensions | 26 cm |
| 336 ## - CONTENT TYPE | |
| Source | rdacontent |
| Content type term | text |
| 337 ## - MEDIA TYPE | |
| Source | rdamedia |
| Media type term | unmediated |
| 338 ## - CARRIER TYPE | |
| Source | rdacarrier |
| Carrier type term | volume |
| 490 1# - SERIES STATEMENT | |
| Series statement | Siri kisah kehidupan tokoh-tokoh sufi |
| 650 10 - SUBJECT ADDED ENTRY--TOPICAL TERM | |
| Topical term or geographic name entry element | Islamic stories, Malay |
| 830 #0 - SERIES ADDED ENTRY--UNIFORM TITLE | |
| Uniform title | Siri kisah kehidupan tokoh-tokoh sufi |
| 942 ## - ADDED ENTRY ELEMENTS (KOHA) | |
| -- | dc |
| Koha item type | Book |
| Withdrawn | Not for loan | Current library | Shelving location | Date acquired | Full call number | Barcode | Date last seen | Koha item type | Total Checkouts | Date last checked out | Total Renewals |
|---|---|---|---|---|---|---|---|---|---|---|---|
| Perpustakaan Alor Setar | Pinjaman Kanak-kanak | 07/02/2005 | K 297.18 ROH | A01076747 | 09/05/2018 | Book | |||||
| Perpustakaan Awam Sungai Petani | Pinjaman Kanak-kanak | 07/02/2005 | K 297.18 ROH | A01076748 | 11/06/2019 | Book | 3 | 29/05/2019 | 2 | ||
| Perpustakaan Bandar Baharu | Pinjaman Kanak-kanak | 07/02/2005 | K 297.18 ROH | A01076752 | 09/05/2018 | Book | |||||
| Perpustakaan Jitra | Pinjaman Kanak-kanak | 07/02/2005 | K 297.18 ROH | A01076749 | 09/05/2018 | Book | |||||
| Perpustakaan Kulim | Pinjaman Kanak-kanak | 08/09/2004 | K 297.18 ROH | A01057172 | 09/05/2018 | Book | |||||
| Perpustakaan Kulim | Pinjaman Kanak-kanak | 08/09/2004 | K 297.18 ROH | A01057173 | 18/05/2024 | Book | 1 | 27/04/2024 | |||
| Perpustakaan Kulim | Pinjaman Kanak-kanak | 08/09/2004 | K 297.18 ROH | A01057174 | 09/05/2018 | Book | |||||
| Perpustakaan Sik | Pinjaman Kanak-kanak | 07/02/2005 | K 297.18 ROH | A01076753 | 09/05/2018 | Book | |||||
| Perpustakaan Yan | Pinjaman Kanak-kanak | 07/02/2005 | K 297.18 ROH | A01076750 | 09/05/2018 | Book | |||||
| Perpustakaan Yan | Pinjaman Kanak-kanak | 07/02/2005 | K 297.18 ROH | A01076751 | 09/05/2018 | Book | |||||
| Bergerak 1, Alor Setar | Pinjaman Kanak-kanak | 27/12/2007 | K 297.18 ROH | A01139098 | 09/05/2018 | Book | |||||
| Bergerak 3, Baling | Pinjaman Kanak-kanak | 20/11/2007 | K 297.18 ROH | A01208742 | 09/05/2018 | Book | |||||
| Bergerak 4, Sungai Petani | Pinjaman Kanak-kanak | 20/11/2007 | K 297.18 ROH | A01208743 | 09/05/2018 | Book | |||||
| Bergerak 5, Kulim | Pinjaman Kanak-kanak | 20/11/2007 | K 297.18 ROH | A01208744 | 09/05/2018 | Book | |||||
| PD31, Kg. Gelam, Bedong | Pinjaman Kanak-kanak | 22/11/2009 | K 297.18 ROH | A01335043 | 09/05/2018 | Book | |||||
| PD33, Kg. Belau, Merbok | Pinjaman Kanak-kanak | 22/11/2009 | K 297.18 ROH | A01335044 | 09/05/2018 | Book |